Деятельность КПСС по идейно-политическому воспитанию трудящихся (1921-1937 гг.)

গ্রন্থ-পঞ্জীর বিবরন
প্রধান লেখক: Агаджанов Ю. Г. Юрий Георгиевич
সংস্থা লেখক: Северо-Кавказский научный центр высшей школы (СКНЦ ВШ)
অন্যান্য লেখক: Лоов И. Р. (редактор)
ভাষা:রুশ
প্রকাশিত: Ростов-на-Дону, Изд-во Ростовского ун-та, 1989
বিষয়গুলি:
বিন্যাস: গ্রন্থ
KOHA link:https://koha.lib.tpu.ru/cgi-bin/koha/opac-detail.pl?biblionumber=252844

MARC

LEADER 00000nam0a2200000 4500
001 252844
005 20231101232804.0
010 |a 5750701204 
020 |a RU  |b 89-31871 
035 |a (RuTPU)RU\TPU\book\275203 
090 |a 252844 
100 |a 20140306d1989 k a0rusy5003 ca 
101 0 |a rus 
102 |a RU 
105 |a y z 001zy 
200 1 |a Деятельность КПСС по идейно-политическому воспитанию трудящихся (1921-1937 гг.)  |f Ю. Г. Агаджанов  |g Северо-Кавказский научный центр высшей школы (СКНЦ ВШ) ; под ред. И. Р. Лоова 
210 |a Ростов-на-Дону  |c Изд-во Ростовского ун-та  |d 1989 
215 |a 125 с. 
320 |a Библиогр.: с. 116-126. 
606 1 |a Идеологическая работа КПСС  |2 stltpush  |3 (RuTPU)RU\TPU\subj\12184  |9 39016 
610 1 |a Северный Кавказ 
610 1 |a история 
610 1 |a неграмотность 
610 1 |a ликвидация 
610 1 |a политическая агитация 
610 1 |a атеистическое воспитание 
610 1 |a политическая активность 
686 |a Ф61(2)5г  |2 rubbk 
700 1 |a Агаджанов  |b Ю. Г.  |g Юрий Георгиевич 
702 1 |a Лоов  |b И. Р.  |4 340 
712 0 2 |a Северо-Кавказский научный центр высшей школы (СКНЦ ВШ)  |c (Ростов-на-Дону)  |2 stltpush  |3 (RuTPU)RU\TPU\col\4383 
801 0 |a RU  |b RuMRKP  |c 19950417  |g psbo 
801 1 |a RU  |b 63413507  |c 20140306 
801 2 |a RU  |b 63413507  |c 20140418  |g RCR 
942 |c BK